[Event "Caorle op"]
[Site "Caorle"]
[Date "1989.??.??"]
[Round "8"]
[White "Capelli, Giorgio"]
[Black "Mazzotti, Carlo"]
[Result "0-1"]
[WhiteElo "2030"]
[BlackElo "1940"]
[PlyCount "94"]
[EventDate "1989.07.??"]
[EventType "swiss"]
[EventRounds "8"]
[EventCountry "ITA"]
[SourceTitle "EXT 2000"]
[Source "ChessBase"]
[SourceDate "1999.11.16"]
[SourceVersion "1"]
[SourceVersionDate "1999.11.16"]
[SourceQuality "1"]

1. c4 e6 2. g3 Nf6 3. Bg2 d5 4. cxd5 exd5 5. Nf3 Be7 6. 0-0 0-0 7. d3 Re8 8. e3 c6 9. Nc3 Bg4 10. Qb3 Qc7 11. Bd2 Nbd7 12. Rac1 Qb6 13. Qc2 Bxf3 14. Bxf3 Ne5 15. Be2 Rad8 16. Na4 Qc7 17. b4 Qd7 18. Kg2 d4 19. e4 Nxe4 20. Bf4 Ng6 21. dxe4 Nxf4+ 22. gxf4 d3 23. Bxd3 Qg4+ 24. Kh1 Qf3+ 25. Kg1 Rxd3 26. Nb2 Rd6 27. f5 Qg4+ 28. Kh1 Qf3+ 29. Kg1 Bg5 30. Rcd1 Qg4+ 31. Kh1 Rxd1 32. Qxd1 Qxe4+ 33. f3 Qe2 34. Qxe2 Rxe2 35. Nd3 Rxa2 36. f4 Bf6 37. Re1 g6 38. Nc5 b6 39. Re8+ Kg7 40. Ne4 Rb2 41. Rc8 Rxb4 42. Nd6 Bb2 43. f6+ Kxf6 44. Rxc6 Kg7 45. Rc7 Rxf4 46. Rxa7 Be5 47. Ne8+ Kf8 0-1

[Event "Caorle op"]
[Site "Caorle"]
[Date "1989.??.??"]
[Round "1"]
[White "Capelli, Giorgio"]
[Black "Sulava, Nenad"]
[Result "0-1"]
[WhiteElo "2030"]
[BlackElo "2390"]
[PlyCount "58"]
[EventDate "1989.07.??"]
[EventType "swiss"]
[EventRounds "8"]
[EventCountry "ITA"]
[SourceTitle "EXT 2000"]
[Source "ChessBase"]
[SourceDate "1999.11.16"]
[SourceVersion "1"]
[SourceVersionDate "1999.11.16"]
[SourceQuality "1"]

1. c4 b6 2. Nc3 Bb7 3. Nf3 c5 4. d3 e6 5. g3 Bxf3 6. exf3 Nc6 7. Bg2 Nge7 8. 0-0 g6 9. Bg5 Bg7 10. Ne4 0-0 11. Bf6 Bxf6 12. Nxf6+ Kg7 13. Ne4 f5 14. Nc3 f4 15. Re1 Nf5 16. Qd2 Nfd4 17. Qd1 a6 18. Re4 d5 19. Re1 Ra7 20. Ne2 Raf7 21. Nxd4 Nxd4 22. g4 h5 23. Bh3 Qg5 24. Kg2 Rh8 25. Rc1 Kf6 26. Qd2 hxg4 27. Bxg4 Rxh2+ 28. Kxh2 Nxf3+ 29. Kh3 Rh7+ 0-1